00728nam a2200181Ia 4500008004100000020001800041041000800059082001700067100002000084245008800104260004000192300000800232365001700240700004300257906005400300999001900354952017300373230718s9999 xx 000 0 und d a9781633696525 aeng a658.4'2bDYE aDyer J.9194693 aInnovation CapitalbHow To Compete And Win Like The World's Most Innovative Leaders c2019bHarvard Business Review Press a264 cRs.b1250.00 aDyer J.; Furr N. & Lefrandt C.9201848 dO:0677027-Nov-2019B:552506-Nov-2019cGENRLb312.5 c350648d350648 00104070aCCEPbCCEPd2019-11-27eTechnical Book ServicesfGENRLg937.50i5525l0o658.4'2pCCEP-BK-61855r2023-07-18 00:00:00t312.5v1250.00w2019-11-06yBKz061855